Retrouvez ces joueurs de football #8 - Statistiques

Statistiques générales
  • Ce quiz a été pris 653 fois
  • Le résultat moyen est 9 sur 15
Statistiques - réponses
Par images Réponse % Correct
Hugo Lloris
91%
Jerome Boateng
82%
Granit Xhaka
79%
Arkadiusz Milik
77%
Ferran Torres
76%
Thiago Alcantara
75%
Martin Terrier
69%
Kieran Trippier
67%
Jesus Navas
54%
David Neres
50%
Simon Mignolet
49%
Justin Kluivert
40%
Ruslan Malinovskyi
40%
Amadou Onana
38%
Alexis Saelemaekers
29%
Aucun quiz correspondant
Distribution des résultats
% des personnes avec chaque résultat
Percentile par nombre de réponses
Votre historique - résultats
Vous n’avez pas pris ce quiz